000 00636nam a2200217Ia 4500
001 2562
003 GE_BSU
008 181216s||||||||xx |||||||||||||| ||und||
020 _a9789994098798
040 _cGE_BSU
100 _aქირთბაია, მზია
245 _aბიზნესის ეთიკა(მე–2 გადამუშ.გამოც)
245 _c[რედ. რ. ქუტიძე].
260 _aთბილისი
260 _bნეკერი
260 _c2008
300 _a274 გვ
541 _h10 ლ.
653 _aბიზნესის ეთიკა
942 _cBK
999 _c36642
_d36642